000 00799nac a22002417a 4500
001 BR8103859
003 BR-BrBNA
005 20240105115014.0
008 230509b bl.|||m| |||| 00| 0 por d
040 _aBR-BrBNA
_bpor
_cBiblioteca Nacional de Agricultura
072 _aF25; E15
090 _a3801 BR8103859
110 1 _aAraxa S.A. Fertilizantes e Produtos Quimicos, MG (Brasil)
_9132
245 1 _aRelatorio anual 1980 [Araxa S.A. Fertilizantes e Produtos Quimicos, Brasil]
260 3 _aAraxa, MG (Brasil):
_c1981.
300 _a10 p.
490 _aRelatorio - Araxa S.A. Fertilizantes e Produtos Quimicos (Brazil)
_v
_x
650 _aFERTILIZANTE
650 _aANALISE ECONOMICA
650 _aMINAS GERAIS
909 _a202312
_bLúcia Elande
_c55
_dLúcia Elande
942 _2AGRIS
_n0
_cMS
999 _c272510
_d272510